000 00672nam a2200289Ia 4500
005 20260324133427.0
008 008 260324s9999 xx 000 0 eng d
020 _a9780203218297
037 _aEBOOK
040 _aCRL
040 _beng
040 _cCRL
041 _2eng
041 _aeng
084 _qCRL
100 _aJoan Dean
_91177172
245 0 _aImplementing Performance Management
245 2 _bA Handbook for Schools
260 _bTaylor and Francis
260 _c2003
365 _a
365 _b300
856 _uhttp://www.taylorfrancis.com/books/9780203218297
942 _cEBOOK
999 _c1792065
_d1792065